Theories of man culture
Αποθηκεύτηκε σε:
| Κύριος συγγραφέας: | |
|---|---|
| Μορφή: | Βιβλίο |
| Γλώσσα: | English |
| Δημοσίευση: |
New York and London :
Columbia University Press,
1973
|
| Θέματα: | |
| Ετικέτες: |
Προσθήκη ετικέτας
Δεν υπάρχουν, Καταχωρήστε ετικέτα πρώτοι!
|
MARC
| LEADER | 00000cam a2200000 i 4500 | ||
|---|---|---|---|
| 001 | 1/92709 | ||
| 008 | 940302s1973 eng d | ||
| 020 | |a 0-231-03639-6 | ||
| 035 | |l 10008573 | ||
| 040 | |a GR-MY-UA |b gre |e aacr | ||
| 041 | 0 | |a eng | |
| 082 | 0 | |a 306 | |
| 100 | 1 | |a Hatch, Elvin. | |
| 245 | 1 | 0 | |a Theories of man culture / |c Elvin Hatch |
| 260 | |a New York and London : |b Columbia University Press, |c 1973 | ||
| 300 | |a 384 p. | ||
| 500 | |a Bibliography: p.359-376. Index. | ||
| 650 | 0 | 0 | |a Ethnology. |
| 650 | 0 | 0 | |a Anthropologists. |
| 852 | |a INST |b LESVOS |e 19940302 |h 306 HAT |p 005100006950 |q 005100006950 |t BK |y 0 | ||
| 909 | |a Λ |b 034347 | ||